000
00277nam a2200109Ia 4500
008
190911s9999||||xx |||||||||||||| ||und||
100
_a
Muhammad ali Shaikh
245
0
_a
Role of Sindh In Creation of Pakistan
260
_a
Karachi
_b
Royal Book
_c
1998
300
_a
216
942
_c
BK
999
_c
6884
_d
6884